Combien y’en a-t-il ? Mythologie - Statistiques

Statistiques générales
  • Ce quiz a été pris 388 fois
  • Le résultat moyen est 16 sur 20
Statistiques - réponses
Hint Réponse % Correct
Enfant(s) arrivant en Colchide grâce à Chrysomallos 1
99%
Saisons où sont réunies Déméter et Perséphone 2
98%
Gorgones immortelles 2
98%
Fleuves des Enfers 5
98%
Enfants de Jocaste 5
98%
Charites 3
97%
Erinyes 3
97%
Odyssée d’Ulysse 10
96%
Premiers dieux olympiens 6
96%
Titanides primaires 6
96%
Dieux olympiens principaux 12
94%
Muses 9
93%
Pléïades 7
89%
Temps d’attente de Pénélope du retour d’Ulysse 20
81%
Yeux d’Argos 100
70%
Enfants d’Artémis 0
69%
Enfants de Gaïa et Ouranos 18
57%
Danaïdes 50
52%
Membres des Hécatonchires 102
5%
Océanides d’après Hésiode 3000
5%
Aucun quiz correspondant
Distribution des résultats
% des personnes avec chaque résultat
Percentile par nombre de réponses
Votre historique - résultats
Vous n’avez pas pris ce quiz